| 000 | 00449nam a2200181 a 4500 | ||
|---|---|---|---|
| 001 | 3822 | ||
| 003 | CO-ViMGA | ||
| 008 | 141112s2004 ck r 000 u spa d | ||
| 040 |
_aCO-ViMGA _bspa _cCO-ViMGA |
||
| 082 | 0 | 4 | _a573.2 D178 |
| 100 | 1 | _aDarwin, Charles | |
| 245 | 1 | 0 | _aEl origen del hombre |
| 260 |
_aMadrid : _bM.E., _c1995 |
||
| 300 | _a2 v | ||
| 490 | _aClásicos de siempre, 75, 76 | ||
| 650 | 1 | 4 |
_aHOMBRE - ORIGEN _95157 |
| 942 |
_2ddc _cBK |
||
| 999 |
_c15841 _d15841 |
||